Statistics for 20 Country Tripoints with Mixed Flag Hints

Click here to take the quiz!

General Stats

  • This quiz has been taken 72 times
  • The average score is 46 of 60

Answer Stats

COUNTRY% Correct
Finland
100%
Germany
98%
Norway
98%
Sweden
98%
Austria
96%
Czech Republic
96%
China
92%
China
92%
Croatia
92%
India
92%
Iran
92%
Bosnia and Herzegovina
90%
Azerbaijan
88%
Azerbaijan
88%
Georgia
88%
Iraq
88%
Laos
88%
Laos
88%
Montenegro
88%
Syria
88%
Pakistan
86%
Vietnam
86%
Armenia
84%
Armenia
84%
Botswana
80%
Thailand
80%
Argentina
78%
Brazil
78%
Democratic Republic of the Congo
78%
Mozambique
78%
Mozambique
78%
South Africa
78%
South Africa
78%
Cambodia
76%
Colombia
76%
Ecuador
76%
Tanzania
76%
Malawi
74%
Mauritania
74%
Uruguay
74%
Namibia
72%
Turkey
72%
Zambia
70%
Guatemala
68%
Honduras
68%
Peru
68%
Burundi
66%
El Salvador
66%
Swaziland
66%
Eritrea
64%
Morocco
64%
Djibouti
62%
Côte d'Ivoire
56%
Côte d'Ivoire
56%
Mali
54%
Mali
54%
Burkina Faso
52%
Ethiopia
52%
Algeria
50%
Guinea
46%

Score Distribution

Percentile by Number Answered

Percent of People with Each Score

Your Score History

You have not taken this quiz